[Event "2012(Zaozhuang-China) Asian Nations Chess Cup"]
[Site "ZaoZhuang, China"]
[Date "2012.05.23"]
[Round "6"]
[Board "4"]
[White "Chan, Wei Yi Victoria"]
[Black "Ding, Yixin"]
[Result "0-1"]
[WhiteElo "1947"]
[BlackElo "2353"]
[PlyCount "0"]
[EventDate "2012.05.17"]
[EventType "team"]
[EventRounds "9"]
[EventCountry "CHN"]
[WhiteTeam "Singapore"]
[BlackTeam "China 1"]

1. d4 Nf6 2. c4 g6 3. Nc3 d5 4. h4 c6 5. Bf4 dxc4 6. a4 Bf5 7. e3 Nd5 8. Be5 f6
9. Bxb8 Rxb8 10. Bxc4 e6 11. Nge2 Bg4 12. Qd2 Bh6 13. Nxd5 exd5 14. Bd3 Qd6 15.
Qc2 Kf7 16. h5 Qb4+ 17. Kf1 Rbg8 18. f3 Be6 19. Kf2 Bd7 20. Rh2 Qe7 21. f4 Re8
22. hxg6+ Kg7 23. Qd2 hxg6 24. Rah1 Bg4 25. Ng3 c5 26. dxc5 Qxc5 27. b4 Qd6 28.
Bb1 d4 29. Qxd4 Qxd4 30. exd4 f5 31. Bd3 Bxf4 32. Rxh8 Be3+ 33. Kf1 Rxh8 34.
Rxh8 Kxh8 35. d5 Bd1 36. Bb5 Bd2 37. Ne2 Kg7 38. Kf2 Kf6 39. Kf3 Ke5 40. g3
Kxd5 41. Be8 g5 42. Bd7 Ke5 43. b5 b6 44. Kf2 Bxa4 45. Ng1 g4 46. Ke2 Bg5 47.
Kd3 a6 48. Kc4 Bxb5+ 49. Bxb5 axb5+ 50. Kxb5 Kd4 51. Ne2+ Ke5 0-1

[Event "2012(Zaozhuang-China) Asian Nations Chess Cup"]
[Site "ZaoZhuang, China"]
[Date "2012.05.23"]
[Round "6"]
[Board "1"]
[White "Harika, Dronavalli"]
[Black "Pourkashiyan, Atousa"]
[Result "1-0"]
[WhiteElo "2508"]
[BlackElo "2336"]
[PlyCount "0"]
[EventDate "2012.05.17"]
[EventType "team"]
[EventRounds "9"]
[EventCountry "CHN"]
[WhiteTeam "India"]
[BlackTeam "Iran"]

1. c4 e6 2. Nf3 d5 3. g3 Nf6 4. Bg2 Be7 5. O-O O-O 6. b3 c5 7. Bb2 Nc6 8. e3 b6
9. Nc3 Bb7 10. cxd5 exd5 11. d4 Ba6 12. Ne5 Rc8 13. Re1 cxd4 14. exd4 Bb4 15.
Rc1 Qd6 16. a3 Bxc3 17. Bxc3 Rfd8 18. Bh3 Rc7 19. Nxc6 Rxc6 20. Bb4 Qc7 21.
Rxc6 Qxc6 22. Qc1 Qa8 23. Be7 Re8 24. Re5 Bb5 25. a4 Bc6 26. Bxf6 gxf6 27. Rh5
Qb7 28. Bf5 Bd7 29. Bxh7+ Kf8 30. Bd3 Ke7 31. Bb5 Bxb5 32. axb5 Qd7 33. Qe3+
Kd8 34. Qf3 Re4 35. Qxf6+ Kc7 36. Rh7 Re7 37. Kg2 Kb7 38. h4 Qc7 39. h5 Rd7 40.
Qf5 a6 41. h6 axb5 42. Rg7 Ka6 43. h7 Rd8 44. Rg8 1-0

[Event "2012(Zaozhuang-China) Asian Nations Chess Cup"]
[Site "ZaoZhuang, China"]
[Date "2012.05.23"]
[Round "6"]
[Board "2"]
[White "Khademalsharieh, Sarasadat"]
[Black "Karavade, Eesha"]
[Result "1/2-1/2"]
[WhiteElo "2284"]
[BlackElo "2353"]
[PlyCount "0"]
[EventDate "2012.05.17"]
[EventType "team"]
[EventRounds "9"]
[EventCountry "CHN"]
[WhiteTeam "Iran"]
[BlackTeam "India"]

1. d4 Nf6 2. Nf3 g6 3. c4 Bg7 4. g3 c6 5. Bg2 d5 6. cxd5 cxd5 7. O-O O-O 8. Ne5
Ng4 9. Nf3 Nc6 10. Nc3 Be6 11. h3 Nf6 12. Ne5 Nd7 13. f4 Ndxe5 14. fxe5 Qd7 15.
Kh2 Rad8 16. Be3 f6 17. exf6 exf6 18. Qd2 f5 19. Rad1 Rfe8 20. h4 h5 21. Bg5
Rc8 22. e3 Nd8 23. Bf3 Nf7 24. Bf4 Nd6 25. Nxd5 Ne4 26. Bxe4 fxe4 27. Nc3 Bc4
28. Rfe1 Bd3 29. Rc1 b5 30. Ne2 Qg4 31. Ng1 Qe6 32. Qa5 Bf8 33. Nh3 Rxc1 34.
Rxc1 Rc8 35. Ng5 Qg4 36. Qd2 Bb4 37. Rxc8+ Qxc8 38. Qg2 Qc6 39. Be5 Be7 40. g4
Bxg5 41. hxg5 h4 42. Qf2 Qc2 43. Qxc2 Bxc2 44. d5 Kf7 45. Kh3 Bb1 46. a3 Ba2
47. d6 Ke6 48. Kxh4 Bd5 49. Kg3 Bc6 50. Kf4 Kd5 1/2-1/2

[Event "2012(Zaozhuang-China) Asian Nations Chess Cup"]
[Site "ZaoZhuang, China"]
[Date "2012.05.23"]
[Round "6"]
[Board "4"]
[White "Hejazipour, Mitra"]
[Black "Padmini, Rout"]
[Result "1/2-1/2"]
[WhiteElo "2223"]
[BlackElo "2345"]
[PlyCount "0"]
[EventDate "2012.05.17"]
[EventType "team"]
[EventRounds "9"]
[EventCountry "CHN"]
[WhiteTeam "Iran"]
[BlackTeam "India"]

1. d4 Nf6 2. c4 g6 3. Nf3 Bg7 4. g3 d5 5. cxd5 Nxd5 6. Bg2 Nb6 7. Nc3 Nc6 8. e3
O-O 9. O-O Re8 10. Re1 a5 11. Qe2 e5 12. Nxe5 Nxe5 13. dxe5 Bxe5 14. f4 Bxc3
15. bxc3 Qf6 16. e4 Qc6 17. Be3 Be6 18. Bd4 Bc4 19. Qg4 Nd7 20. Qh4 Qd6 21. e5
Qa6 22. f5 gxf5 23. e6 Rxe6 24. Qg5+ Rg6 25. Qxf5 Be6 26. Qf4 c5 27. Bf2 Rc8
28. Be4 Rg7 29. Rad1 Nf8 30. Rd6 Qa7 31. Red1 b5 32. Qe5 Qe7 33. Be3 f5 34. Bg2
Bxa2 35. Qf4 Ng6 36. Qf2 Bb3 37. Bd5+ Bxd5 38. R1xd5 f4 39. Bxc5 fxg3 40. hxg3
Nf8 41. Rf6 Rxc5 42. Rxc5 b4 43. cxb4 axb4 44. Re5 Qd8 45. Rf3 Ng6 46. Re4 Rb7
47. Rfe3 Kg7 48. Re8 Qd1+ 49. Re1 Qd5 50. Qb2+ Kh6 51. R8e2 Qc5+ 52. Rf2 b3 53.
Kf1 Qc4+ 54. Kg1 Qc5 55. Qd2+ Kg7 56. Rc1 Qe5 57. Qb2 Qxb2 58. Rxb2 h5 59. Rc4
Kh6 60. Kg2 Rb5 61. Kh3 Kg5 62. Re4 Rb8 63. Ra4 Rb5 64. Rc4 h4 65. gxh4+ Kh5
66. Rg4 Kh6 67. Kg3 Kh5 68. Rc4 Kh6 69. Rg4 Kh5 70. Ra4 Kh6 71. Rd4 Kh5 72.
Rbd2 Kh6 73. Rd5 Rb4 74. R2d4 Rb8 75. Rd1 b2 76. Rb1 Rb3+ 77. Kg4 Rb4+ 78. Kg3
Rb3+ 79. Kf2 Nxh4 80. Rd2 Kg5 81. Rdxb2 Rxb2+ 82. Rxb2 Nf5 83. Kf3 Kf6 84. Kf4
Nd6 85. Rb6 Ke6 86. Ra6 Kd5 87. Ra5+ Ke6 88. Rc5 Nf7 89. Ke4 Nd6+ 90. Kd4 Nf5+
91. Ke4 Nd6+ 92. Kf4 Nf7 93. Ke4 Nd6+ 94. Kd4 Nf5+ 95. Rxf5 Kxf5 1/2-1/2

[Event "2012(Zaozhuang-China) Asian Nations Chess Cup"]
[Site "ZaoZhuang, China"]
[Date "2012.05.23"]
[Round "6"]
[Board "1"]
[White "Zhai, Mo"]
[Black "Irine, Kharisma Sukandar"]
[Result "0-1"]
[WhiteElo "2248"]
[BlackElo "2288"]
[PlyCount "0"]
[EventDate "2012.05.17"]
[EventType "team"]
[EventRounds "9"]
[EventCountry "CHN"]
[WhiteTeam "China 3"]
[BlackTeam "Indonesia"]

1. e4 e5 2. Nf3 Nc6 3. Bb5 a6 4. Ba4 Nf6 5. O-O Be7 6. Re1 b5 7. Bb3 d6 8. c3
O-O 9. h3 Na5 10. Bc2 c5 11. d4 Qc7 12. d5 Nc4 13. a4 Bd7 14. Bd3 Na5 15. axb5
axb5 16. Bg5 c4 17. Bc2 Nb7 18. Nbd2 Nc5 19. Qe2 Rfb8 20. Nf1 Qd8 21. Bd2 Rxa1
22. Rxa1 Ra8 23. Rb1 Ra2 24. Ng3 g6 25. Nh2 Bf8 26. f4 exf4 27. Bxf4 Qb6 28.
Be3 Bg7 29. Qf2 b4 30. cxb4 Qxb4 31. Bd2 Qb6 32. Bc3 Ne8 33. Bxg7 Nxg7 34. Rf1
Na4 35. Bxa4 Qxf2+ 36. Rxf2 Rxa4 37. Nf3 Ra1+ 38. Kh2 Ra2 39. Rc2 Bb5 40. e5
dxe5 41. Nxe5 f5 42. Ne2 Ne8 43. Nd4 Ba6 44. Nec6 Nd6 45. h4 Ra1 46. Ne6 Rd1
47. Nc7 Bb7 48. Re2 Ne4 49. Rc2 Nd6 50. Re2 Ne4 51. Rc2 Nd2 52. Ne5 Nf1+ 53.
Kh3 Ne3 54. Re2 f4 55. Kh2 Nf1+ 56. Kh3 Ng3 57. Rf2 Bc8+ 58. Ne6 Rxd5 59. Rxf4
Bxe6+ 60. Ng4 Nh5 61. Re4 Bf5 0-1

[Event "2012(Zaozhuang-China) Asian Nations Chess Cup"]
[Site "ZaoZhuang, China"]
[Date "2012.05.23"]
[Round "6"]
[Board "2"]
[White "Medina, Warda Aulia"]
[Black "Ren, Xiaoyi"]
[Result "1-0"]
[WhiteElo "2172"]
[BlackElo "2202"]
[PlyCount "0"]
[EventDate "2012.05.17"]
[EventType "team"]
[EventRounds "9"]
[EventCountry "CHN"]
[WhiteTeam "Indonesia"]
[BlackTeam "China 3"]

1. e4 g6 2. d4 Bg7 3. Nc3 d6 4. h3 Nf6 5. Nf3 O-O 6. Be2 c6 7. a4 Nbd7 8. O-O
e5 9. Bg5 h6 10. Be3 Qe7 11. Re1 Kh7 12. Bf1 b6 13. Qd2 Bb7 14. Rad1 Rfd8 15.
a5 bxa5 16. Ra1 exd4 17. Bxd4 Ne5 18. Rxa5 Nxf3+ 19. gxf3 c5 20. Nd5 Bxd5 21.
exd5 Qd7 22. Bxf6 Bxf6 23. c3 Qf5 24. Re4 Bg5 25. Qd3 Rd7 26. b4 cxb4 27. Rxb4
Qf6 28. Raa4 Qg7 29. Qc4 a5 30. Rb6 Bd8 31. Rc6 Rb8 32. Rc8 Rb1 33. Kg2 Bb6 34.
Ra2 Re7 35. Bd3 Rc1 36. Rb2 Ree1 37. f4 Rg1+ 38. Kf3 Rxc3 39. Qxc3 Bd4 40. Qxa5
Bxb2 41. Qd8 Rh1 42. Kg2 Rd1 43. Be4 Rd4 44. Kf3 Ra4 45. Qxd6 Bd4 46. Rc7 Ra2
47. Bc2 Ra7 48. Rc6 f5 49. Rc8 Rd7 50. Qc6 Qf7 51. d6 Bb6 52. Qxb6 Qd5+ 53. Kg3
Qxd6 54. Qxd6 Rxd6 55. Rc7+ Kg8 56. Kf3 Rf6 57. h4 Kh8 58. h5 g5 59. Rc5 gxf4
60. Kxf4 Rd6 61. Bxf5 Rd2 62. f3 Rd6 63. Ke5 Ra6 64. Be6 Ra8 65. Rc8+ 1-0

[Event "2012(Zaozhuang-China) Asian Nations Chess Cup"]
[Site "ZaoZhuang, China"]
[Date "2012.05.23"]
[Round "6"]
[Board "4"]
[White "Virda, Rizka Aulia"]
[Black "Lei, Tingjie"]
[Result "0-1"]
[WhiteElo "1769"]
[BlackElo "2154"]
[PlyCount "0"]
[EventDate "2012.05.17"]
[EventType "team"]
[EventRounds "9"]
[EventCountry "CHN"]
[WhiteTeam "Indonesia"]
[BlackTeam "China 3"]

1. e4 c5 2. Nc3 Nc6 3. g3 g6 4. Bg2 Bg7 5. d3 Rb8 6. Be3 b5 7. Qd2 b4 8. Nd1 d6
9. f4 e6 10. e5 Nge7 11. exd6 Qxd6 12. Nf3 Nf5 13. Bf2 Nfd4 14. c3 bxc3 15.
bxc3 Nxf3+ 16. Bxf3 O-O 17. Qe3 Nb4 18. cxb4 Bxa1 19. bxc5 Qa6 20. c6 e5 21.
O-O Bf5 22. fxe5 Rbd8 23. c7 Rd7 24. Qc5 Qc8 25. d4 Rxc7 26. Qa3 Rd8 27. d5
Bxe5 28. Ne3 Bd4 29. Nxf5 Bxf2+ 30. Rxf2 Qxf5 31. Qb3 h5 32. Kg2 Rcd7 33. Re2
Qf6 34. a4 h4 35. Qd1 Kg7 36. Rf2 hxg3 37. hxg3 Rh8 38. Bg4 Rh2+ 39. Kxh2 Qxf2+
40. Kh3 Rd8 41. Bf3 Rh8+ 42. Kg4 Qe3 43. Qa1+ Kg8 44. Qf6 Rh5 45. d6 Rf5 46. d7
Qxf3+ 0-1

[Event "2012(Zaozhuang-China) Asian Nations Chess Cup"]
[Site "ZaoZhuang, China"]
[Date "2012.05.23"]
[Round "6"]
[Board "1"]
[White "Tan, Zhongyi"]
[Black "Munguntuul, Batkhuyag"]
[Result "1/2-1/2"]
[WhiteElo "2430"]
[BlackElo "2451"]
[PlyCount "0"]
[EventDate "2012.05.17"]
[EventType "team"]
[EventRounds "9"]
[EventCountry "CHN"]
[WhiteTeam "China 2"]
[BlackTeam "Mongolia"]

1. d4 d5 2. c4 c6 3. Nf3 Nf6 4. Nc3 Qb6 5. g3 dxc4 6. Ne5 Be6 7. e4 g6 8. Nxc4
Qd8 9. Ne3 Bg7 10. Bg2 O-O 11. e5 Nd5 12. Nexd5 cxd5 13. Be3 Nc6 14. Qd2 Rc8
15. O-O Qd7 16. Rac1 Rfd8 17. Rfd1 Bg4 18. Re1 Be6 19. Red1 Bg4 20. Re1 Be6 21.
Red1 Bg4 1/2-1/2

[Event "2012(Zaozhuang-China) Asian Nations Chess Cup"]
[Site "ZaoZhuang, China"]
[Date "2012.05.23"]
[Round "6"]
[Board "2"]
[White "Batchimeg, Tuvshintugs"]
[Black "Zhang, Xiaowen"]
[Result "0-1"]
[WhiteElo "2363"]
[BlackElo "2385"]
[PlyCount "0"]
[EventDate "2012.05.17"]
[EventType "team"]
[EventRounds "9"]
[EventCountry "CHN"]
[WhiteTeam "Mongolia"]
[BlackTeam "China 2"]

1. d4 Nf6 2. c4 g6 3. Nc3 Bg7 4. e4 d6 5. Nf3 O-O 6. h3 Na6 7. Be3 e5 8. d5 Nc5
9. Nd2 a5 10. g4 Bd7 11. Be2 c6 12. g5 Ne8 13. h4 a4 14. h5 Qa5 15. Kf1 a3 16.
Qc2 axb2 17. Qxb2 Nc7 18. Rb1 cxd5 19. cxd5 b5 20. Nb3 Nxb3 21. axb3 b4 22. Na4
Rfb8 23. Ra1 Nxd5 24. exd5 Qxd5 25. Rh4 e4 26. Rd1 Qxd1+ 27. Bxd1 Bxb2 28. Nxb2
d5 29. hxg6 fxg6 30. Bd4 Rf8 31. Ke1 Ra2 32. Rh2 Rf4 33. Rg2 Rh4 34. Be5 Kf7
35. Bd4 Bf5 36. Rg1 e3 37. Bh8 exf2+ 38. Kxf2 d4 39. Kg3 Rh3+ 40. Kf4 Rxb2 41.
Bxd4 Rh4+ 0-1

[Event "2012(Zaozhuang-China) Asian Nations Chess Cup"]
[Site "ZaoZhuang, China"]
[Date "2012.05.23"]
[Round "6"]
[Board "3"]
[White "Wang, Jue"]
[Black "Bayarmaa, Bayarjargal"]
[Result "1-0"]
[WhiteElo "2364"]
[BlackElo "2009"]
[PlyCount "0"]
[EventDate "2012.05.17"]
[EventType "team"]
[EventRounds "9"]
[EventCountry "CHN"]
[WhiteTeam "China 2"]
[BlackTeam "Mongolia"]

1. e4 c5 2. Nf3 d6 3. d4 cxd4 4. Nxd4 Nf6 5. Nc3 a6 6. Be3 e5 7. Nb3 Be6 8. f4
Qc7 9. f5 Bc4 10. g4 h6 11. Bg2 b5 12. a3 a5 13. Nd2 Na6 14. Nxc4 bxc4 15. h4
Qb7 16. Rb1 Nd7 17. O-O Be7 18. Bf2 Nac5 19. Qe2 Qa6 20. Nd5 Bd8 21. Rfd1 Rc8
22. Rd2 Rc6 23. Bf1 Nf6 24. b4 axb4 25. axb4 Ncxe4 26. Nxf6+ Nxf6 27. b5 Qa2
28. Rdd1 Rc8 29. b6 O-O 30. b7 Rb8 31. Qxc4 Qa3 32. Ra1 Qf3 33. Bg2 Qxg4 34.
Qxg4 Nxg4 35. Ba7 Bc7 36. Bxb8 Bxb8 37. Ra8 Ne3 38. Rda1 Nc4 39. Rxb8 Rxb8 40.
Ra8 1-0

[Event "2012(Zaozhuang-China) Asian Nations Chess Cup"]
[Site "ZaoZhuang, China"]
[Date "2012.05.23"]
[Round "6"]
[Board "1"]
[White "Khasanova, Flyura"]
[Black "Pham, Le Thao Nguyen"]
[Result "1/2-1/2"]
[WhiteElo "2318"]
[BlackElo "2390"]
[PlyCount "0"]
[EventDate "2012.05.17"]
[EventType "team"]
[EventRounds "9"]
[EventCountry "CHN"]
[WhiteTeam "Kazakhstan"]
[BlackTeam "Vietnam"]

1. e4 c5 2. Nf3 e6 3. c4 a6 4. Be2 Qc7 5. O-O b6 6. d4 cxd4 7. Nxd4 Bb7 8. Nc3
Nf6 9. f3 Be7 10. Be3 d6 11. Kh1 O-O 12. Qd2 Nbd7 13. a4 Ne5 14. Rfc1 Rfc8 15.
a5 bxa5 16. Nb3 Rab8 17. Nxa5 Ba8 18. Na4 h5 19. b4 h4 20. b5 Ned7 21. Rab1
Nxe4 22. fxe4 Bxe4 23. b6 Qd8 24. Bd3 Bxd3 25. Qxd3 Ne5 26. Qe2 Bg5 27. c5 h3
28. c6 hxg2+ 29. Kxg2 Bxe3 30. Qxe3 Qh4 31. c7 Qxa4 32. cxb8=Q Rxb8 33. b7 Qxa5
34. Rc8+ Kh7 35. Rxb8 Qa2+ 36. Kg3 Qxb1 37. Qe2 Qg6+ 38. Kf2 Qf5+ 39. Kg3 Qg6+
40. Kf2 Qf5+ 41. Kg3 Qg6+ 1/2-1/2

[Event "2012(Zaozhuang-China) Asian Nations Chess Cup"]
[Site "ZaoZhuang, China"]
[Date "2012.05.23"]
[Round "6"]
[Board "2"]
[White "Nguyen, Thi Thanh An"]
[Black "Dauletova, Gulmira"]
[Result "1/2-1/2"]
[WhiteElo "2301"]
[BlackElo "2278"]
[PlyCount "0"]
[EventDate "2012.05.17"]
[EventType "team"]
[EventRounds "9"]
[EventCountry "CHN"]
[WhiteTeam "Vietnam"]
[BlackTeam "Kazakhstan"]

1. d4 Nf6 2. c4 e6 3. Nf3 Bb4+ 4. Nbd2 O-O 5. a3 Be7 6. e4 d5 7. e5 Nfd7 8.
cxd5 exd5 9. Qc2 c5 10. dxc5 Nxc5 11. b4 Ne6 12. Bd3 g6 13. Nb3 Nc6 14. Bh6 Re8
15. O-O a5 16. b5 a4 17. Nbd2 Nb8 18. Rad1 Nd7 19. Be2 b6 20. Qc6 Bb7 21. Qc3
Rc8 22. Qb2 Qc7 23. Rc1 Qb8 24. Rce1 Qc7 25. Bd1 Qc3 26. Qxc3 Rxc3 27. Nb1 Rc4
28. Nbd2 Rc3 29. Nb1 Rc4 30. Nbd2 Rc5 31. Be3 Rc7 32. Bxa4 Bxa3 33. Ra1 Bb2 34.
Ra2 Bc3 35. Nb1 d4 36. Nxc3 dxe3 37. Ra3 Rec8 38. Ne2 Bxf3 39. gxf3 exf2+ 40.
Kxf2 Nxe5 41. Bb3 Rc5 42. Bxe6 fxe6 43. Nd4 Kf7 44. f4 Ng4+ 45. Kg3 h5 46. Ra7+
R8c7 47. Rxc7+ Rxc7 48. Re1 Rc3+ 49. Kg2 Rd3 50. Nf3 Kf6 51. Rc1 Ne3+ 52. Kf2
Nd5 53. Rc6 Rc3 54. Ne5 Rb3 55. Nd7+ Kf5 56. Nxb6 Rxb5 57. Nc4 Rb3 58. Rc8 Kxf4
59. Rf8+ Kg5 60. Ne5 Rb2+ 61. Kg3 h4+ 62. Kh3 Kh6 63. Rh8+ Kg7 64. Rxh4 g5 65.
Ra4 Kf6 66. Ng4+ Kg6 67. Kg3 Kf5 68. Nh6+ Kg6 69. Ng4 Rb3+ 70. Kf2 Nf4 71. Ra5
Nd5 72. Ra4 Rc3 73. Ne5+ Kf5 74. Ng4 Rb3 75. Nh6+ Kg6 76. Ng4 Nf6 77. Nxf6 Kxf6
78. h4 gxh4 79. Rxh4 e5 80. Ke2 Kg5 81. Rh8 Kf5 82. Rh5+ Ke6 83. Rh8 Kd5 84.
Rh4 Rb2+ 85. Ke3 Rb3+ 86. Ke2 e4 87. Rh8 Rb6 88. Ke3 Rb3+ 89. Ke2 Rb6 90. Ke3
Re6 91. Rd8+ Ke5 92. Ra8 Re7 93. Ra5+ Kf6 94. Rh5 Re5 95. Rh4 Kf5 96. Rf4+ Ke6
97. Rxe4 Rxe4+ 98. Kxe4 1/2-1/2

[Event "2012(Zaozhuang-China) Asian Nations Chess Cup"]
[Site "ZaoZhuang, China"]
[Date "2012.05.23"]
[Round "6"]
[Board "3"]
[White "Saduakassova, Dinara"]
[Black "Nguyen, Thi Mai Hung"]
[Result "1/2-1/2"]
[WhiteElo "2219"]
[BlackElo "2237"]
[PlyCount "0"]
[EventDate "2012.05.17"]
[EventType "team"]
[EventRounds "9"]
[EventCountry "CHN"]
[WhiteTeam "Kazakhstan"]
[BlackTeam "Vietnam"]

1. e4 c5 2. Nf3 g6 3. d4 cxd4 4. Nxd4 Nc6 5. c4 Nf6 6. Nc3 d6 7. Be2 Nxd4 8.
Qxd4 Bg7 9. Be3 O-O 10. Qd2 Be6 11. Rc1 Qa5 12. f3 Rfc8 13. b3 a6 14. Na4 Qxd2+
15. Kxd2 Nd7 16. g4 Rc6 17. Nc3 Kf8 18. Nd5 Bxd5 19. cxd5 Rcc8 20. h4 Nc5 21.
Rc2 b5 22. b4 Na4 23. Rhc1 Rxc2+ 24. Rxc2 Ke8 25. Rc6 Kd8 26. Bd1 Nb2 27. Bb6+
Ke8 28. Be2 Na4 29. Be3 Kd8 30. Bd1 Nb2 31. Bb6+ Ke8 32. Bb3 h5 33. gxh5 gxh5
34. Bf2 Kd7 35. Ke2 Bf6 36. Rc1 a5 37. bxa5 Rxa5 38. Bb6 Ra8 39. Bf2 Na4 40.
Rc2 Be5 41. Kd3 Nb2+ 42. Ke2 Na4 43. Kd3 Nb2+ 44. Ke2 Na4 1/2-1/2

[Event "2012(Zaozhuang-China) Asian Nations Chess Cup"]
[Site "ZaoZhuang, China"]
[Date "2012.05.23"]
[Round "6"]
[Board "4"]
[White "Hoang, Thi Nhu Y"]
[Black "Ankudinova, Yelena"]
[Result "1/2-1/2"]
[WhiteElo "2238"]
[BlackElo "2137"]
[PlyCount "0"]
[EventDate "2012.05.17"]
[EventType "team"]
[EventRounds "9"]
[EventCountry "CHN"]
[WhiteTeam "Vietnam"]
[BlackTeam "Kazakhstan"]

1. Nf3 f5 2. d4 Nf6 3. g3 e6 4. Bg2 d5 5. O-O Bd6 6. c4 c6 7. Qc2 O-O 8. Rd1
Qe7 9. Nbd2 Nbd7 10. Nf1 Ne4 11. Ne1 e5 12. cxd5 cxd5 13. Ne3 Nb6 14. dxe5 Bxe5
15. Nxd5 Nxd5 16. Rxd5 Bf6 17. f3 Ng5 18. Bf4 Re8 19. e3 Be6 20. Rd2 Rac8 21.
Qd1 Nf7 22. e4 fxe4 23. fxe4 Qc5+ 24. Kh1 g5 25. Bd6 Nxd6 26. Rxd6 Bxb2 27. Rb1
Be5 28. Rxe6 Rxe6 29. Bh3 Rf6 30. Bxc8 Rf1+ 31. Kg2 Rf2+ 32. Kh1 Rf1+ 33. Kg2
Rg1+ 34. Kf3 Rf1+ 35. Kg2 Rf2+ 36. Kh1 1/2-1/2

[Event "2012(Zaozhuang-China) Asian Nations Chess Cup"]
[Site "ZaoZhuang, China"]
[Date "2012.05.24"]
[Round "7"]
[Board "1"]
[White "Pham, Le Thao Nguyen"]
[Black "Zhao, Xue"]
[Result "0-1"]
[WhiteElo "2390"]
[BlackElo "2549"]
[PlyCount "0"]
[EventDate "2012.05.17"]
[EventType "team"]
[EventRounds "9"]
[EventCountry "CHN"]
[WhiteTeam "Vietnam"]
[BlackTeam "China 1"]

1. Nf3 Nf6 2. g3 d5 3. Bg2 c6 4. b3 Bg4 5. Bb2 Nbd7 6. d4 e6 7. Nbd2 Be7 8. O-O
O-O 9. c4 h6 10. Re1 b5 11. Qc1 bxc4 12. bxc4 Rc8 13. c5 Bf5 14. Bc3 Rb8 15.
Nb3 Ne4 16. Nfd2 Nxc3 17. Qxc3 Qc7 18. Rac1 Bg6 19. Nf1 Rfe8 20. Ne3 e5 21. Nc2
Bf6 22. e3 h5 23. Nb4 Ra8 24. Na6 Qc8 25. Bf1 Nf8 26. Nb4 a5 27. Nd3 exd4 28.
exd4 Be4 29. Ne5 Ne6 30. f4 g5 31. Rxe4 dxe4 32. Nd2 gxf4 33. Nxe4 Qd8 34. gxf4
Nxf4 35. Qg3+ Ng6 36. Nxg6 Rxe4 37. Ne5+ Kf8 38. Nxc6 Bxd4+ 39. Kh1 Qf6 40.
Nxd4 Qxd4 41. c6 Qd2 42. Qa3+ Kg7 43. Qg3+ Kh6 44. Rc5 Rae8 45. c7 Rg4 46. Qh3
Rg1+ 47. Kxg1 Qd4+ 48. Kh1 Qxc5 49. Qd7 Rg8 50. Qd2+ Kg7 51. Qg2+ Kh7 52. c8=Q
Rxc8 53. Bd3+ Kh8 54. Qf3 Qc1+ 55. Kg2 Qg5+ 56. Kf2 Qh4+ 57. Ke3 Re8+ 58. Kd2
Qe1+ 0-1

[Event "2012(Zaozhuang-China) Asian Nations Chess Cup"]
[Site "ZaoZhuang, China"]
[Date "2012.05.24"]
[Round "7"]
[Board "2"]
[White "Ju, Wenjun"]
[Black "Pham, Bich Ngoc"]
[Result "1-0"]
[WhiteElo "2529"]
[BlackElo "2176"]
[PlyCount "0"]
[EventDate "2012.05.17"]
[EventType "team"]
[EventRounds "9"]
[EventCountry "CHN"]
[WhiteTeam "China 1"]
[BlackTeam "Vietnam"]

1. d4 f5 2. g3 Nf6 3. Bg2 g6 4. Nh3 Bg7 5. O-O O-O 6. c4 d6 7. d5 c5 8. Nc3 Na6
9. Rb1 Bd7 10. a3 Rb8 11. Nf4 Qc8 12. h4 Ng4 13. Nb5 Ra8 14. b3 Nc7 15. Nxc7
Qxc7 16. e4 Bd4 17. Bb2 Bxb2 18. Rxb2 Qa5 19. Re2 Ne5 20. exf5 Bxf5 21. Qa1
Rae8 22. Rfe1 Rf7 23. Rxe5 dxe5 24. Qxe5 Bd7 25. h5 Qb6 26. hxg6 hxg6 27. Qg5
Rg7 28. d6 Qxd6 29. Bxb7 e6 30. Be4 Bc6 31. Bxg6 Qd2 32. Rf1 e5 33. Qf6 exf4
34. Qxc6 Rf8 35. Qe6+ Kh8 36. Qh3+ Kg8 37. Qe6+ Kh8 38. Be4 fxg3 39. Qh3+ Kg8
40. Bd5+ Rff7 41. fxg3 Qe3+ 42. Kh1 Qe2 43. Rxf7 Rxf7 44. Qe6 Qf1+ 45. Kh2 Qf2+
46. Kh3 Qf1+ 47. Kh4 1-0

[Event "2012(Zaozhuang-China) Asian Nations Chess Cup"]
[Site "ZaoZhuang, China"]
[Date "2012.05.24"]
[Round "7"]
[Board "3"]
[White "Nguyen, Thi Mai Hung"]
[Black "Shen, Yang"]
[Result "1-0"]
[WhiteElo "2237"]
[BlackElo "2419"]
[PlyCount "0"]
[EventDate "2012.05.17"]
[EventType "team"]
[EventRounds "9"]
[EventCountry "CHN"]
[WhiteTeam "Vietnam"]
[BlackTeam "China 1"]

1. d4 Nf6 2. Bf4 e6 3. e3 c5 4. c3 Be7 5. h3 b6 6. Nf3 O-O 7. Bd3 cxd4 8. exd4
d6 9. O-O Ba6 10. Re1 Qc8 11. Bc2 Nbd7 12. Nbd2 Bb7 13. Rc1 b5 14. Qe2 Qc6 15.
Bh2 Nb6 16. Bd3 a6 17. a3 Rfe8 18. c4 bxc4 19. Nxc4 Nxc4 20. Rxc4 Qd7 21. Rec1
Rec8 22. Bf4 Rxc4 23. Rxc4 Bd8 24. Rc1 Bb6 25. Bg5 Nd5 26. h4 f6 27. Bd2 Qf7
28. h5 e5 29. h6 g6 30. Bc4 Re8 31. dxe5 dxe5 32. Rd1 e4 33. Nh2 Kh8 34. Ng4 e3
35. Bxe3 f5 36. Qd3 Bd8 37. Bd4+ Kg8 38. Ne5 Qc7 39. Bc3 Rxe5 40. Bxe5 Qxe5 41.
Bxd5+ Bxd5 42. Qxd5+ Qxd5 43. Rxd5 Bg5 44. Ra5 Bxh6 45. Rxa6 Bc1 46. Rb6 Kf7
47. a4 Ke7 48. a5 1-0

[Event "2012(Zaozhuang-China) Asian Nations Chess Cup"]
[Site "ZaoZhuang, China"]
[Date "2012.05.24"]
[Round "7"]
[Board "4"]
[White "Huang, Qian"]
[Black "Hoang, Thi Nhu Y"]
[Result "1-0"]
[WhiteElo "2417"]
[BlackElo "2238"]
[PlyCount "0"]
[EventDate "2012.05.17"]
[EventType "team"]
[EventRounds "9"]
[EventCountry "CHN"]
[WhiteTeam "China 1"]
[BlackTeam "Vietnam"]

1. c4 c6 2. Nf3 Nf6 3. d4 d5 4. e3 e6 5. Qc2 Nbd7 6. Nc3 Bd6 7. b3 a6 8. Bb2 b6
9. Bd3 Bb7 10. O-O O-O 11. e4 dxc4 12. Bxc4 e5 13. Rfd1 Qc7 14. g3 Rad8 15.
Rac1 Qb8 16. d5 b5 17. dxc6 Bxc6 18. Bd5 Bxd5 19. Nxd5 Rc8 20. Qd3 Rxc1 21.
Bxc1 Nxd5 22. Qxd5 Bc7 23. Qc6 Nb6 24. Be3 f6 25. Nh4 g6 26. a4 Rf7 27. a5 Qa8
28. Qe6 Qc8 29. Qc6 Qa8 30. Rc1 Qxc6 31. Rxc6 Nc8 32. Rxa6 Nd6 33. Rc6 Nxe4 34.
a6 Bb8 35. Rc8+ Rf8 36. Rxf8+ Kxf8 37. Nf3 Ke7 38. a7 Bxa7 39. Bxa7 Kd6 40. Kf1
Nc5 41. Nd2 Kd5 42. Ke2 Ne6 43. Kd3 f5 44. f3 Nd8 45. Nb1 b4 46. Nd2 Nc6 47.
Bb6 g5 48. g4 e4+ 49. fxe4+ fxe4+ 50. Ke3 Ne5 51. h3 1-0

[Event "2012(Zaozhuang-China) Asian Nations Chess Cup"]
[Site "ZaoZhuang, China"]
[Date "2012.05.24"]
[Round "7"]
[Board "1"]
[White "Munguntuul, Batkhuyag"]
[Black "Khasanova, Flyura"]
[Result "1/2-1/2"]
[WhiteElo "2451"]
[BlackElo "2318"]
[PlyCount "0"]
[EventDate "2012.05.17"]
[EventType "team"]
[EventRounds "9"]
[EventCountry "CHN"]
[WhiteTeam "Mongolia"]
[BlackTeam "Kazakhstan"]

1. e4 c5 2. Nf3 a6 3. Nc3 e6 4. d4 cxd4 5. Nxd4 d6 6. a4 Nf6 7. Be2 b6 8. f4
Bb7 9. Bf3 Nbd7 10. O-O Rc8 11. Qe2 Qc7 12. Bd2 Qc4 13. Qf2 e5 14. Nf5 g6 15.
Ne3 Qc5 16. b4 Qxb4 17. Ncd5 Qd4 18. c3 Qc5 19. Nxf6+ Nxf6 20. fxe5 dxe5 21.
Bg4 Rc6 22. Bh3 Bg7 23. Bc1 Bh6 24. Nd5 Qxf2+ 25. Rxf2 Bg7 26. Bh6 Bxh6 27.
Nxf6+ Kf8 28. Nd7+ Ke7 29. Nxe5 Be3 30. Nxc6+ Bxc6 31. e5 Rd8 32. Kf1 Bxf2 33.
Kxf2 Rd5 34. Rb1 b5 35. axb5 Bxb5 36. c4 Bxc4 37. Rb7+ Kf8 38. Rc7 Bb5 39. e6
Rd2+ 40. Kf3 fxe6 41. Bxe6 h5 42. h4 Rd6 43. Bc8 a5 44. Ra7 a4 45. Kf4 Rc6 46.
Ra8 Kg7 47. Ke5 Rc5+ 48. Kd6 Rc4 49. g3 Rc3 50. g4 Rxc8 51. Rxc8 hxg4 52. Ke5
g3 53. Rc3 g2 54. Rg3 Bf1 55. Kd4 Kh6 56. Rg5 a3 57. Kc3 a2 58. Kb2 Bc4 59.
Rxg2 Kh5 60. Rg5+ Kxh4 61. Rxg6 Kh5 62. Rg1 Bf7 1/2-1/2